• 首页
  • 本馆介绍
  • 公告通知
  • 最新文献
  • 馆藏检索
  • 电子资源
  • 读者导购
  • 参考咨询
  • 我的图书馆
  • 登录
  • 详细信息显示
  • 放入我的书架
  • 预约/预借图书
  • 作者相关作品
  • 分类相关作品
  • 丛书相关作品
  • 出版社相关作品

书目信息

  • 表格格式
  • 工作单格式
  • 卡片格式
题名:
车站信号自动控制
    
 
作者: 牟文婷 , 闫骏 , 陶汉卿 主编
分册:  
出版信息: 北京   中国建材工业出版社  2019.07
页数: 249页
开本: 26cm
丛书名:
单 册:
中图分类: U284.18
科图分类:
主题词: 车站信号--che zhan xin hao--自动控制
电子资源:
ISBN: 978-7-5160-2511-6
000 01206nam0 2200265 450
001 CAL 0120192789025
005 20230217093111.0
010    @a978-7-5160-2511-6@dCNY69.00
100    @a20190926d2019 em y0chiy0120 ea
101 0  @achi
102    @aCN@b110000
105    @aa a 000yy
106    @ar
200 1  @a车站信号自动控制@Ache zhan xin hao zi dong kong zhi@f主编牟文婷, 闫骏, 陶汉卿
210    @a北京@c中国建材工业出版社@d2019.07
215    @a249页@c图@d26cm
320    @a有书目
330    @a本书共6章内容, 第一章介绍铁路车站联锁的基本知识 ; 其余章节内容可分成两大部分: 第一部分为电气集中联锁部分 (第二章-第四章内容), 第二部分为计算机联锁部分 (本书的第五章-第六章内容)。第二章介绍电气集中系统的基础知识和站内设备介绍 ; 第三章介绍车站联锁的选择组电路 ; 第四章介绍车站联锁的执行组电路 ; 第五章介绍双机热备和三取二计算机联锁系统 ; 第六章介绍二乘二取二计算机联锁系统, 对于计算机联锁部分由于时间仓促只是的列举了部分厂家的设备。
606 0  @a车站信号@Ache zhan xin hao@x自动控制
690    @aU284.18@v5
701  0 @a牟文婷@Amou wen ting@4主编
701  0 @a闫骏@Ayan jun@4主编
701  0 @a陶汉卿@Atao han qing@4主编
801  0 @aCN@bBJXHZP@c20230222
905    @b1394242-5@dU284.18@e1107@f4
    
    车站信号自动控制/主编牟文婷, 闫骏, 陶汉卿.-北京:中国建材工业出版社,2019.07
    249页:图;26cm
    
    
    ISBN 978-7-5160-2511-6:CNY69.00
    本书共6章内容, 第一章介绍铁路车站联锁的基本知识 ; 其余章节内容可分成两大部分: 第一部分为电气集中联锁部分 (第二章-第四章内容), 第二部分为计算机联锁部分 (本书的第五章-第六章内容)。第二章介绍电气集中系统的基础知识和站内设备介绍 ; 第三章介绍车站联锁的选择组电路 ; 第四章介绍车站联锁的执行组电路 ; 第五章介绍双机热备和三取二计算机联锁系统 ; 第六章介绍二乘二取二计算机联锁系统, 对于计算机联锁部分由于时间仓促只是的列举了部分厂家的设备。
●
相关链接 在E读中查询图书 在五车中查询图书 在当当中查询图书 在豆瓣中查询图书


正题名:车站信号自动控制     索取号:U284.18/1107         预约/预借

序号 登录号 条形码 馆藏地/架位号 状态 备注
1 1394242   213942420   第二样本阅览室/ [索取号:U284.18/1107] 在馆    
2 1394243   213942439   第三借阅区/ [索取号:U284.18/1107] 在馆    
3 1394244   213942448   第三借阅区/ [索取号:U284.18/1107] 在馆    
4 1394245   213942457   第三借阅区/ [索取号:U284.18/1107] 在馆    
唐山师范学院图书馆 欢迎您!
大连网信软件有限公司© 版权所有